Technology by Letter: U - Statistics

General Stats
  • This quiz has been taken 19 times
  • The average score is 4 of 10
Answer Stats
Hint Answer % Correct
Web address URL
89%
Makes pictures of unborn babies Ultrasound
78%
Computer connection standard USB
72%
Family of computer operating systems Unix
56%
Train with only one type of cargo Unit train
33%
Open-source computer operating system Ubuntu
28%
Radio band, known for analog TV Ultra-high frequency (UHF)
28%
Camera add-on to block shorter-than-visible light UV filter
17%
Passage that holds lines for power, water, etc. Utilidor
6%
Cellular system for mobile phones UMTS
0%
No matching quizzes found
Score Distribution
Percent of People with Each Score
Percentile by Number Answered
Your Score History
You have not taken this quiz